Comida que começa com C - Statistics

Estatísticas Gerais
  • Esse quiz foi jogado 183 vezes
    179 desde o último reset
  • A pontuação média é 11 de 54
Estatísticas das Respostas
Hint Resposta % Correto
5. Camarão
71%
14. Chocolate
63%
23. Cebola
60%
4. Cenoura
58%
2. Couve
54%
13. Cacau
50%
15. Café
48%
16. Caju
48%
1. Castanha
47%
40. Chá
47%
33. Coco
47%
17. Caramelo
46%
39. Cereja
45%
3. Couve-flor
39%
19. Caldo
32%
37. Cuscuz
29%
29. Chuchu
25%
22. Caviar
23%
30. Churros
23%
8. Coelho
22%
53. Croissant
21%
38. Cereais
16%
34. Crepe
16%
21. Canja
13%
24. Cevada
13%
46. Chocolate branco
13%
9. Cogumelos
13%
36. Croquete
13%
7. Cabrito
11%
51. Couve de Bruxelas
11%
44. Chouriço
10%
26. Caldo verde
9%
54. Coentros
8%
41. Chantilly
7%
11. Colorau
7%
28. Chips
6%
50. Courgette
6%
18. Carapau
5%
45. Chocolate quente
5%
35. Cookies
5%
49. Corvina
5%
31. Couve roxa
5%
32. Couve branca
4%
25. Cheesecake
3%
47. Chocolate negro
3%
52. Couve lombarda
3%
6. Camarão frito
2%
10. Caranguejos
2%
42. Cherne
2%
43. Chicharro
2%
12. Calamares
1%
20. Calzedone
1%
27. Cheesburguer
1%
48. Cordoniz
1%
Nenhum quiz correspondente encontrado
Distribuição das Pontuações
Porcentagem de Pessoas com Cada Pontuação
Percentil de Números Respondidos
Sua Pontuação Histórica
Você não jogou esse quiz desde o último reset